000 01513nam a2200217 4500
003 CO-ViMGA
020 _a9789585419070
040 _aCO-ViMGA
_bspa
_cCO-ViMGA
090 _aC LEPB
100 1 _aLeprince de Beaumont, Jeanne-Marie
_d1711-1780
_911001
245 1 0 _aLa bella y la bestia /
_cJeanne-Marie Leprince de Beaumont ; traductora, Anita Gómez de Cárdenas ; editor, Iván Hernández ; ilustrador, Daniel Gómez
260 _aBogotá :
_bMinisterio de Cultura,
_c2017
300 _a31 páginas
_bilustraciones en color ; 27 cm
490 0 _aLeer es mi cuento
_v22
500 _aRecomendado para niños a partir de 6 años
520 _a"Bella, la más joven de las tres ricas de un rico comerciante no sólo destaca por su belleza exterior sino también por su amabilidad y honestidad. En uno de los viajes que su padre realiza para tratar de recuperar parte su perdida fortuna, se topa con el castillo de la Bestia, un animalizado noble que sólo le deja huir a cambio de entregarle a la más bella de sus hijas. La Bella aceptará el pacto de su padre y marchará a vivir con el noble. Al principio la convivencia resulta imposible pero poco a poco, Bella conquistará, gracias a todas sus virtudes el corazón de la Bestia, superando la inicial hostilidad de este y descubriendo finalmente, la oculta belleza de la Bestia."
650 1 4 _aCuentos infantiles franceses
_ySiglo XX
_97804
650 1 4 _aLiteratura infantil francesa
_92946
650 1 4 _aNiñas en la literatura
_98030
942 _2ddc
_cBK
999 _c10425
_d10425